00777nam a2200205Ia 4500003000900000008004100009020002200050040001600072080002000088100002800108245013800136260003900274300001400313650002900327650002600356700002700382942000700409999001700416952013800433IN-BaIIA211028s9999 xx 000 0 eng d a978-81-291-0852-4 cIIA Library a954(548.2)bMAT aMathur, Anuradha929968 0aDeccan traversesbthe making of Bangalore's terraincAnuradha Mathur and Dilip Da Cunha  aNew DelhibRupa Publicationsc2006 axi, 231p. aBangalore history929969 aIndian history913768 aDa Cunha, Dilip929970 cBK c16202d16202 00104070aBANbBANcGENd2006-08-29eSBH g1695.00l0o954(548.2)/ MATp17124r2021-11-05v1695.00w2006-08-29yBKGRs. 1695.00